| 000 | 00959nam a22002291i 4500 | ||
|---|---|---|---|
| 001 | 189896 | ||
| 003 | SpMaBN | ||
| 005 | 20250827093434.0 | ||
| 008 | 191220s1980 sp |||| | spa d | ||
| 020 | _a84-369-0796-5 | ||
| 080 | _a340.13 | ||
| 100 | 1 |
_aOrtega Díaz-Ambrona, Juan Antonio. _987450 |
|
| 245 | 1 | 4 |
_aLas leyes orgánicas y el sistema de las fuentes del derecho _b: discurso pronunciado el día 13 de octubre de 1980 / _cpor el académico de honor D. Juan Antonio Ortega Díaz-Ambrona y contestación del Excmo. Señor Antonio Fernández Rodríguez. |
| 260 |
_aLa Coruña : _bAcademia Gallega de Jurisprudencia y Legislación, _c1980. |
||
| 300 |
_a69 p. ; _c27 cm. |
||
| 650 | 0 | 7 |
_aDerecho- _xFuentes. _911622 |
| 650 | 7 |
_aLeyes orgánicas _2embne _9169209 |
|
| 700 | 1 |
_aFernández Rodríguez, Antonio. _950037 |
|
| 710 | 2 |
_aAcademia Gallega de Jurisprudencia y Legislación. _91197 |
|
| 852 |
_aES-MaACL _jL-32479 |
||
| 999 |
_c189896 _d189896 |
||